00480nam a22001692 4500001001100000005001700011008004100028020001600069040001500085245006100100250001300161260004100174300001600215650004300231700003300274852000300307000002010120151217152207.0110701s xx 000 0 eng d a824304128 : aKABUcKABU10aAnnual review ofpharmacology /cHenry W. Elliot, editor. a1st ed. aPalto Alto :bAnnual Reviews,c1972. aix, 528 p. 0aPharmacologyvPeriodicals.@00001712381 aElliot, Henry W.@00001801721